000 00578nam a22001817a 4500
005 20241105134927.0
008 241025b |||||||| |||| 00| 0 eng d
020 _a9781774697498
082 _aDC 004.21 L15 2024
100 _aLal, Bechoo.
_963480
245 _aSystems analysis and design /
_cBechoo Lal.
260 _aCanada :
_bToronto Academic Press,
_c©2024.
300 _axiii, 224 pages :
_billustrations (some color) ;
_c25 cm.
500 _aIncludes references and index.
650 0 _aSystem analysis.
_963604
650 0 _aSystem design.
_963605
942 _2ddc
_cDC
999 _c22928
_d22928